Normal view
MARC view
- Pentium (Microprocessor)
Entry Topical Term
001 - CONTROL NUMBER
- control field: 95104
003 - CONTROL NUMBER IDENTIFIER
- control field: NUST
005 - DATE AND TIME OF LATEST TRANSACTION
- control field: 20220726090408.0
008 - FIXED-LENGTH DATA ELEMENTS
- fixed length control field: 220726|| aca||aabn | a|a d
040 ## - CATALOGING SOURCE
- Original cataloging agency: NUST
- Transcribing agency: NUST
150 ## - HEADING--TOPICAL TERM
- Topical term or geographic name entry element: Pentium (Microprocessor)
670 ## - SOURCE DATA FOUND
- Source citation: Work cat.: (NUST)0: Brey, Barry B. 54310, The Intel microprocessors : architecture, programming, and interfacing, , c2009.
